| 000 | 00673nam a22002177a 4500 | ||
|---|---|---|---|
| 003 | OSt | ||
| 005 | 20180116192412.0 | ||
| 008 | 121206t1992 xxu||||| |||| 00| 0 eng d | ||
| 020 | _a9780070715431 | ||
| 020 | _a 0070715432 | ||
| 040 | _c0 | ||
| 082 | _a720.22 | ||
| 100 | 1 |
_aKnoll, Wolfgang. _96071 |
|
| 245 | 1 |
_aArchitectural models : _bconstruction techniques / _cWolfgang Knoll and Martin Hechinger |
|
| 260 |
_a130 p. : _bill. ; _c29 cm. |
||
| 300 |
_aNew York : _bMcGraw-Hill, _c1992. |
||
| 650 |
_aArchitectural models _xTechnique _96072 |
||
| 700 | 1 |
_aHechinger, Martin. _96073 |
|
| 942 |
_2ddc _cBK |
||
| 999 |
_c353582 _d353582 |
||